| 000 | 00555nam a2200193Ia 4500 | ||
|---|---|---|---|
| 003 | LK-CoDNM | ||
| 005 | 20240227104012.0 | ||
| 008 | 010623t1892 xxu||||| |||| 00| 1 sin d | ||
| 040 |
_aLK-CoDNM _dLK-CoDNM _eLK-CoDNM |
||
| 041 | _asin | ||
| 080 | _a104 U22 | ||
| 100 | _aAmarasingha thero,BAndaramulle | ||
| 245 | _aකච්චායනසාරය | ||
| 246 | _aKachchaayanasaaraya | ||
| 260 |
_bD.S.P.Rajakaruna _aWelitota _c1892 |
||
| 300 |
_bDamaged _a46p., 18 cm |
||
| 700 | _aNanathilaka thero,Ukkatha mahaa tissa ariyavansabhaja | ||
| 942 | _cBK | ||
| 999 |
_c83547 _d83547 |
||